LIBRARY & INFORMATION CENTRE, KCAET, TAVANUR

ONLINE PUBLIC ACCESS CATALOGUE (OPAC)

Irrigation practice and design Vol 1& 2 / (Record no. 10526)

MARC details
000 -LEADER
fixed length control field 00387cam a2200145ua 4500
041 ## - LANGUAGE CODE
Language code of text/sound track or separate title eng
082 ## - DEWEY DECIMAL CLASSIFICATION NUMBER
Classification number 631.587
Item number KHU/IR
100 ## - MAIN ENTRY--AUTHOR NAME
Personal name Kushalani, K.B .
245 ## - TITLE STATEMENT
Title Irrigation practice and design Vol 1& 2 /
260 ## - PUBLICATION, DISTRIBUTION, ETC. (IMPRINT)
Place of publication Poona :
Name of publisher Alies Book Stall ,
Year of publication 1962.
300 ## - PHYSICAL DESCRIPTION
Number of Pages 392 :
Other physical details 506 ; .
942 ## - ADDED ENTRY ELEMENTS (KOHA)
Koha item type Books
Holdings
Withdrawn status Lost status Damaged status Home library Current library Date acquired Full call number Accession Number Koha item type
      KAUAET KAUAET 07/04/2012 631.587 3036 Books
free website counter